000 00241nam a22001217a 4500
003 SGT
082 _a005.1,BAA
100 _aBAASE,SARA
245 _aCOMPUTER ALGORITHMS
260 _bPEARSON
_c2012
300 _a660
942 _2ddc
_cGF BOOKS
999 _c34413
_d34413